Set forth your case: (Record no. 5891)

MARC details
000 -LEADER
fixed length control field 00726cam a2200265Ii 4500
001 - CONTROL NUMBER
control field 28942
003 - CONTROL NUMBER IDENTIFIER
control field GBCCL
005 - DATE AND TIME OF LATEST TRANSACTION
control field 20241126110551.0
008 - FIXED-LENGTH DATA ELEMENTS--GENERAL INFORMATION
fixed length control field 770428r19711967ilu b 000 0 eng d
010 ## -
-- 67029598
020 ## - INTERNATIONAL STANDARD BOOK NUMBER
International Standard Book Number 0802478506
035 ## - SYSTEM CONTROL NUMBER
System control number (OCoLC)02924943
040 ## - CATALOGING SOURCE
Original cataloging agency IDA
Transcribing agency IDA
Modifying agency OCL
049 ## -
-- LBBK
082 ## - DEWEY DECIMAL CLASSIFICATION NUMBER
Classification number 239
Item number PIN
100 1# - MAIN ENTRY--PERSONAL NAME
Personal name Pinnock, Clark H
Dates associated with a name 1937-
9 (RLIN) 10660
245 10 - TITLE STATEMENT
Title Set forth your case:
Remainder of title Studies in Christian Apologetics /
Statement of responsibility, etc. Clark H. Pinnock.
250 ## - EDITION STATEMENT
Edition statement 4th Printing
260 ## - PUBLICATION, DISTRIBUTION, ETC.
Place of publication, distribution, etc. Chicago :
Name of publisher, distributor, etc. Moody Press,
Date of publication, distribution, etc. 1972
300 ## - PHYSICAL DESCRIPTION
Extent 144 p.
Dimensions 22 cm.
504 ## - BIBLIOGRAPHY, ETC. NOTE
Bibliography, etc. note Includes bibliography.
650 #0 - SUBJECT ADDED ENTRY--TOPICAL TERM
Topical term or geographic name entry element Apologetics
Chronological subdivision 20th century.
9 (RLIN) 1383
650 #0 - SUBJECT ADDED ENTRY--TOPICAL TERM
Topical term or geographic name entry element Apologetics
9 (RLIN) 85
942 ## - ADDED ENTRY ELEMENTS (KOHA)
Source of classification or shelving scheme Dewey Decimal Classification
Koha item type Books
Koha issues (borrowed), all copies 3
Holdings
Withdrawn status Lost status Source of classification or shelving scheme Damaged status Not for loan Home library Current Library Shelving location Date acquired Total checkouts Full call number Barcode Date last seen Date last checked out Copy number Price effective from Koha item type
    Dewey Decimal Classification     GRACE BIBLE COLLEGE GRACE BIBLE COLLEGE Theology 2018-04-12 3 239 PIN 002173 2025-05-01 2024-07-12 c.1 2018-04-12 Books
© Grace Bible College Library 2025